Elements of educational psychology (Record no. 2066)

MARC details
000 -LEADER
fixed length control field 00476cam a2200193ua 4500
001 - CONTROL NUMBER
control field 2200
005 - DATE AND TIME OF LATEST TRANSACTION
control field 20260515113447.0
008 - FIXED-LENGTH DATA ELEMENTS--GENERAL INFORMATION
fixed length control field 110805n ii |||gr||||Z||||||eng
040 ## - CATALOGING SOURCE
Transcribing agency MAIN
082 ## - DEWEY DECIMAL CLASSIFICATION NUMBER
Classification number 370.15
100 ## - MAIN ENTRY--PERSONAL NAME
Personal name Bhatia, H R.,
245 ## - TITLE STATEMENT
Title Elements of educational psychology
Statement of responsibility, etc. By H R Bhatia
250 ## - EDITION STATEMENT
Edition statement 5th.
260 ## - PUBLICATION, DISTRIBUTION, ETC.
Place of publication, distribution, etc. New Delhi:
Name of publisher, distributor, etc. Orient longman,975.
300 ## - PHYSICAL DESCRIPTION
Extent 558 p.:
Dimensions 20 cm.
653 ## - INDEX TERM--UNCONTROLLED
Uncontrolled term Education.
653 ## - INDEX TERM--UNCONTROLLED
Uncontrolled term Educational psychology
942 ## - ADDED ENTRY ELEMENTS (KOHA)
Koha item type Books
Holdings
Withdrawn status Lost status Damaged status Not for loan Home library Current library Shelving location Date acquired Total checkouts Full call number Barcode Date last seen Copy number Price effective from Koha item type
        Naharkatiya College Library Naharkatiya College Library General stacks 09/19/2020   370.15 | BHA 11106 09/19/2020 1 09/19/2020 Books
        Naharkatiya College Library Naharkatiya College Library General stacks 09/19/2020   370.15 | BHA 11757 09/19/2020 2 09/19/2020 Books